000
00328nam a22001457a 4500
008
221115b ||||| |||| 00| 0 eng d
020
_a
9780781724715
041
_a
eng
080
_2
THIRD EDITION
_a
159.9
082
_a
159.9 GRE
100
_a
25
101
_a
PSI
245
_a
CHILD&ADOLESCENT
_c
GREEN H W
942
_2
udc
_c
BK
999
_c
58898
_d
58898